书目信息 |
| 题名: |
夏威夷吉他曲集
|
|
| 作者: | ;人民音乐出版社 编 | |
| 分册: | ||
| 出版信息: | 北京 人民音乐出版社 1981 |
|
| 页数: | 45页 | |
| 开本: | 25cm | |
| 丛书名: | ||
| 单 册: | ||
| 中图分类: | J647.32 | |
| 科图分类: | ||
| 主题词: | 六弦琴-器乐曲--中国--选集 , 器乐曲-六弦琴--中国--选集 | |
| 电子资源: | ||
| ISBN: | ||
| 000 | 00705nam0 2200241 45 | |
| 001 | 0181003321 | |
| 005 | 20060406091339.54 | |
| 010 | @dCNY0.38 | |
| 091 | @a8026.3779 | |
| 100 | @a19950306d1981 em y0chiy0121 ea | |
| 101 | 0 | @achi |
| 102 | @aCN@b110000 | |
| 105 | @ay z 000yy | |
| 200 | 10 | @a夏威夷吉他曲集@Axia wei yi ji ta qu ji@f人民音乐出版社编@Fren min yin yue chu ban she bian |
| 210 | @a北京@c人民音乐出版社@d1981 | |
| 215 | @a45页@d25cm | |
| 606 | @a六弦琴-器乐曲@y中国@x选集 | |
| 606 | @a器乐曲-六弦琴@y中国@x选集 | |
| 690 | @aJ647.32@v3 | |
| 711 | 0 | @a人民音乐出版社@Aren min yin yue chu ban she@4编 |
| 801 | 2 | @aCN@bNLC@c20060406 |
| 801 | 0 | @aCN@bTSSF |
| 905 | @a10447@dJ647.32@e17 | |
| 夏威夷吉他曲集/人民音乐出版社编.-北京:人民音乐出版社,1981 |
| 45页;25cm |
| ISBN :CNY0.38 |
| ● |
| 相关链接 |
|
|
|
|
正题名:夏威夷吉他曲集
索取号:J647.32/17
 
预约/预借
| 序号 | 登录号 | 条形码 | 馆藏地/架位号 | 状态 | 备注 |
| 1 | 0046097 | 202209350 | 密集书库/ [索取号:J647.32/17] | 在馆 | |
| 2 | 0046099 | 001228816 | 第一样本阅览室/ [索取号:J647.32/17] | 在馆 |